| 000 | 00501nam a2200145Ia 4500 | ||
|---|---|---|---|
| 008 | 170224s9999 xx 000 0 und d | ||
| 100 | _aGary Spraakman | ||
| 245 | _aEmployers’ Perceptions of Information Technology Competency Requirements for Management Accounting Graduates | ||
| 245 | _cGary Spraakman, Winifred O'Grady, Davood Askarany & Chris Akroyd | ||
| 260 | _bAccounting Education | ||
| 260 | _c2015 | ||
| 300 | _a24:5, Pages: 403-422 | ||
| 650 | _xAccountancy | ||
| 650 | _xAccounting | ||
| 999 |
_c316145 _d316145 |
||